Conocimiento del medio 2. La casa. Primer trimestre.

Gespeichert in:
Bibliographische Detailangaben
Körperschaft: Departamento de Investigaciones Educativas de Santillana
Format: Buch
Sprache:Spanisch
Erschienen: Madrid : Santillana, 1992
Katalog:MANES:  Suchergebnis im Bibliothekskatalog
Schulbuchspezifische Eigenschaften:
Tags: Tag hinzufügen
Keine Tags, Fügen Sie den ersten Tag hinzu!
Hinzugefügt zu:31.10.2025
Geändert in:01.11.2025

MARC

LEADER 00000nam a22000007a 4500
003 OSt
005 20251101164707.0
008 251101b |||||||| |||| 00| 0 spa d
020 |a 84-294-3514-X (1.er trim.) 
040 |a centro_manes  |c Aula Museo de la Universidad de Oviedo 
110 |a Departamento de Investigaciones Educativas de Santillana  |9 43004 
245 |a Conocimiento del medio 2.   |b La casa. Primer trimestre.  
260 |a Madrid :   |b Santillana,   |c 1992 
300 |a 63 p.   |c 28 x 21 cm. 
500 |a Cartulina. Ilustraciones en color. Texto: Julián Abad y Teresa Grence. I.S.B.N. 84-294-3514-X (1.er trim.). Depósito Legal: M. 7.506-1992. En contraportada: “Este libro corresponde al proyecto editorial de Santillana-Primaria aprobado por el M.E.C. en 1992”. Contiene ejercicios. 
546 |a España 
690 0 |a CN 
691 0 |a PRI 
942 |2 ddc  |c BK 
999 |c 105021  |d 105021 
999 |c manes:105021  |d 105021